000 00488nam a2200145 4500
001 116064
003 ES-MaACL
007 t|
008 061121s1920 sp r ||||1| spa d
100 1 _aPatac, Ignacio.
_989545
245 1 3 _aLa formación uraliense asturiana
_b: estudio de Cuencas Carbónicas /
_cpor Ignacio Patac.
260 _aGijón :
_bCompañía Asturiana de Artes Gráficas,
_c1920.
300 _a50 p., 26 lám. ;
_c27 cm +
_e14 planos.
852 _aES-MaACL
_jB-5925
_bR.22287
999 _c116064
_d116064